| 000 | 00598nam a2200229Ia 4500 | ||
|---|---|---|---|
| 003 | OSt | ||
| 005 | 20221007075655.0 | ||
| 006 | a|||||r|||| 00| 0 | ||
| 007 | ta | ||
| 008 | 221006b |||||||| |||| 00| 0 eng d | ||
| 024 | _a10,862 | ||
| 037 | _cTextual | ||
| 040 |
_aFLL _cFLL _beng |
||
| 041 |
_2eng _aeng |
||
| 082 | _aR, M4 | ||
| 100 |
_aBharadwaja V.K. Au. _9694112 |
||
| 245 | 0 | _aRationality and philosophy | |
| 260 |
_aNew Delhi _bNorthern book centre India _c1984 |
||
| 300 |
_a235p _ccm. |
||
| 942 |
_hR, M4 _cTEXL _2CC |
||
| 999 |
_c1156966 _d1156966 |
||